| 000 | 00538nam a2200181Ia 4500 | ||
|---|---|---|---|
| 005 | 20250326141954.0 | ||
| 008 | 250326s9999 xx 000 0 und d | ||
| 037 | _aTextbook | ||
| 040 |
_aFMSL _beng _cFMSL |
||
| 041 |
_aeng _2eng |
||
| 084 |
_aX9W.44 M1 _qFMSL |
||
| 100 |
_aTripathi D _9128214 |
||
| 245 | 0 |
_aDynamics of a tradition : Kasturbhai lalbhai and his enterpreneurship _cTripathi D |
|
| 260 |
_aNew Delhi _bNew Delhi, Manohar _c1981 |
||
| 300 | _a253p | ||
| 942 |
_cTB _hX9W.44 M1 |
||
| 999 |
_c1292850 _d1292850 |
||